League Of Legends Ligues Majeures - Statistiques

Statistiques générales
  • Ce quiz a été pris 161 fois
  • Le résultat moyen est 28 sur 45
Statistiques - réponses
LCK % Correct
T1
98%
Karmine Corp
96%
G2 Esports
95%
Fnatic
94%
GenG Esports
92%
SK Gaming
88%
Team BDS
88%
Team Vitality
88%
Mad Lions KOI
87%
Rogue
87%
GiantX
83%
Hanwha Life Esports
80%
Team Heretics
80%
KT Rolster
77%
JD Gaming
75%
Bilibili Gaming
73%
Cloud9
73%
DRX
73%
Dplus
70%
Team Liquid
69%
FlyQuest
66%
BRION
59%
EDward Gaming
59%
FearX
57%
FunPlus Phoenix
56%
Team WE
56%
Top Esports
56%
Nongshim RedForce
55%
Royal Never Give Up
55%
LNG Esports
54%
Weibo Gaming
54%
100 Thieves
53%
Invictus Gaming
52%
Kwangdong Freecs
48%
NRG
41%
Ninjas In Pyjamas
38%
Anyone's Legend
35%
Dignitas
34%
Oh My God
30%
Immortals
27%
Shopify Rebellion
27%
LGD Gaming
23%
Rare Atom
23%
ThunderTalk Gaming
20%
Ultra Prime
20%
Aucun quiz correspondant
Distribution des résultats
% des personnes avec chaque résultat
Percentile par nombre de réponses
Votre historique - résultats
Vous n’avez pas pris ce quiz